| 000 | 00565nam a22001937a 4500 | ||
|---|---|---|---|
| 999 |
_c174497 _d174497 |
||
| 003 | Nust | ||
| 005 | 20180731113218.0 | ||
| 008 | 170128b xxu||||| |||| 00| 0 eng d | ||
| 020 |
_a9781840220599 _cRs. 400 |
||
| 038 | _aArshad | ||
| 040 | _aNUST - Fiction | ||
| 082 |
_a823 _bDIC |
||
| 100 |
_a Dickens, Charles, _d1812-1870 _912180 |
||
| 245 |
_aGreat expectations: _bwith an introduction David Traotter _cby Charles Dickens |
||
| 260 |
_aLondon: _bWordssworth, _c2005. |
||
| 300 | _a1310p. | ||
| 650 |
_aManners and customs _vFiction _912186 |
||
| 942 |
_2ddc _cBK |
||